|
|
|
|
| LEADER |
00000nam a2200000 a 4500 |
| 001 |
vtls001113708 |
| 003 |
SK-MaSNL |
| 005 |
20260302064303.0 |
| 008 |
250414s1978 xo 0 slo |
| 015 |
|
|
|a SNBA1979
|
| 035 |
|
|
|a SNK000056551
|
| 040 |
|
|
|a SNK
|b slo
|c SNK
|e AACR2
|
| 041 |
0 |
|
|a slo
|
| 044 |
|
|
|a xo
|c SK
|
| 080 |
|
|
|a 636.087.3:546.17:636.1/.5(035.3)
|2 1981
|
| 080 |
|
|
|a 546.17
|2 1981
|
| 080 |
|
|
|a 636.1/.5(035.3)
|2 1981
|
| 100 |
1 |
|
|a Sommer, Alexander,
|d 1936-2006
|4 aut
|9 218774
|
| 245 |
1 |
0 |
|a Syntetické dusíkaté látky vo výžive hospodárskych zvierat
|c Alexander Sommer ; V. Barej, H. Bergner, K. Boďa, M. Chomyszyn, B. Juhász, N. Ivanov, A. N. Košarov, B. Piatkowski, N. A. Šmanenkov, J. A. Sokolov, A. Ziolecka, Alexander Sommer, M. Škultéty, Pavol Szuda
|
| 250 |
|
|
|a 1. vyd.
|
| 260 |
|
|
|a Bratislava
|b Príroda
|c 1978
|e Bratislava
|f Svornosť
|
| 300 |
|
|
|a 261 s., 17,26 AH
|b Tb. Fot. Grafy. Sch.
|c 21 cm
|
| 366 |
|
|
|e 1500 výtl.
|
| 490 |
1 |
|
|a Veda na pomoc poľnohospodárskej veľkovýrobe
|
| 500 |
|
|
|a Séria: Živočíšna výroba. Lit. 615. Vyd. v spolupráci s vyd. soc. štátov v edícii Novinky poľnohospodárstva soc. krajín RVHP. 615 zázn. lit. o knihách, čl., zbor. a závereč. správach v jaz. slov., čes., rus., nem., angl. a poľ.
|
| 700 |
1 |
|
|a Barej, V.
|4 aut
|9 726282
|
| 700 |
1 |
|
|a Bergner, H.
|4 aut
|9 726283
|
| 700 |
1 |
|
|a Boďa, Koloman,
|d 1927-2005
|4 aut
|9 109398
|
| 700 |
1 |
|
|a Chomyszyn, M.
|4 aut
|9 726284
|
| 700 |
1 |
|
|a Juhász, B.
|4 aut
|9 726285
|
| 700 |
1 |
|
|a Ivanov, N.
|4 aut
|9 726286
|
| 700 |
1 |
|
|a Košarov, A. N.
|4 aut
|9 726287
|
| 700 |
1 |
|
|a Piatkowski, B.
|4 aut
|9 726288
|
| 700 |
1 |
|
|a Šmanenkov, N. A.
|4 aut
|9 726289
|
| 700 |
1 |
|
|a Sokolov, J. A.
|4 aut
|9 726290
|
| 700 |
1 |
|
|a Ziolecka, A.
|4 aut
|9 726291
|
| 700 |
1 |
|
|a Sommer, Alexander,
|d 1936-2006
|4 trl
|9 218774
|
| 700 |
1 |
|
|a Škultéty, Miroslav,
|d 1933-
|4 trl
|9 245948
|
| 700 |
1 |
|
|a Szuda, Pavol
|4 bkd
|9 586249
|
| 852 |
|
|
|a Slovenská národná knižnica
|
| 954 |
|
|
|a výroba živočíšna
|a zvieratá hospodárske
|a krmivá dusíkaté
|
| 958 |
|
|
|a OND
|
| 958 |
|
|
|a [NB615]
|
| 958 |
|
|
|a NB
|
| 958 |
|
|
|a TL
|
| 958 |
|
|
|a OP
|
| 999 |
|
|
|c 1136819
|d 1138749
|
| 952 |
|
|
|t P60, <04>, [BOOK], {604}
|a SNK
|b SNK
|y VYP
|7 0
|p 17A0381844
|o snkSC 45443 D1
|i snkKSP 294/79
|0 0
|1 0
|4 0
|d 2003-05-06
|l 0
|r 2004-12-31 00:00:00
|w 2026-02-24
|
| 952 |
|
|
|a SNK
|b SNK
|y PREZ
|7 0
|p 17A0792321
|o snkSC 45443
|0 0
|1 0
|4 0
|d 2012-07-31
|l 0
|r 2025-10-27 00:00:00
|w 2026-02-24
|